[Event "RUS-ch U16"]
[Site "Dagomys"]
[Date "2004.04.??"]
[Round "?"]
[White "Lovkov, Roman"]
[Black "Khokhlov, Georgy"]
[Result "1/2-1/2"]
[WhiteElo "2290"]
[BlackElo "2051"]
[PlyCount "70"]
[EventDate "2004.04.??"]
[EventType "swiss"]
[EventRounds "10"]
[EventCountry "RUS"]
[SourceTitle "EXT 2005"]
[Source "ChessBase"]
[SourceDate "2004.11.15"]
[SourceVersion "1"]
[SourceVersionDate "2004.11.15"]
[SourceQuality "1"]

1. e4 e6 2. d4 d5 3. Nc3 Bb4 4. exd5 exd5 5. Bd3 Nf6 6. Nge2 0-0 7. 0-0 c6 8. h3 h6 9. Ng3 Re8 10. Qf3 Na6 11. Nce2 Bf8 12. c3 Nc7 13. Nf4 Ne6 14. Nxe6 Bxe6 15. Bf4 c5 16. Bb5 Nd7 17. c4 a6 18. cxd5 axb5 19. dxe6 Rxe6 20. Qxb7 cxd4 21. Qxb5 Rb6 22. Qe2 Nc5 23. Rfd1 Qd5 24. b3 Rba6 25. Qb2 Ne6 26. Bd2 Ba3 27. Qb1 Bc5 28. b4 Bb6 29. Nf5 Bd8 30. b5 Rxa2 31. Rxa2 Qxa2 32. Qe4 Rb8 33. Qg4 Rxb5 34. Nxh6+ Kf8 35. Nf5 Qc2 1/2-1/2